Habilitación de la instancia judicial (Registro nro. 24164)
[ vista simple ]
| 000 -LEADER | |
|---|---|
| fixed length control field | 00304 a2200109 4500 |
| 001 - CONTROL NUMBER | |
| control field | ART_40047 |
| 005 - DATE AND TIME OF LATEST TRANSACTION | |
| control field | 20260410161842.0 |
| 008 - FIXED-LENGTH DATA ELEMENTS--GENERAL INFORMATION | |
| fixed length control field | 260409a |
| 100 1# - MAIN ENTRY--PERSONAL NAME | |
| Personal name | Monti, Laura |
| 245 10 - TITLE STATEMENT | |
| Title | Habilitación de la instancia judicial |
| 773 0# - HOST ITEM ENTRY | |
| Title | RAP |
| Related parts | - Año 23, Nº 268 (ene. 2001) |
| Record control number | REV5941 |
No hay ítems disponibles.